[Event "13. Lovsprings EMT Basis 1 2002"]
[Site "Ringsted"]
[Date "2002.03.08"]
[Round "1"]
[White "Dickow, Flemming"]
[Black "Olsen, Morten Henrik"]
[Result "1-0"]
[WhiteElo "1783"]
[BlackElo "1856"]
[PlyCount "111"]
[EventDate "2002.??.??"]

1. e4 e6 2. Qe2 c5 3. Nf3 Nc6 4. g3 Qc7 5. c3 Nge7 6. Bg2 g6 7. O-O Bg7 8. Na3
a6 9. Nc2 O-O 10. d4 cxd4 11. Ncxd4 d6 12. Nxc6 Nxc6 13. Be3 Bd7 14. Rfd1 Ne7
15. Qd2 d5 16. exd5 Nxd5 17. Bh6 Rad8 18. Bxg7 Kxg7 19. Qd4+ f6 20. Qe4 f5 21.
Qe5+ Qxe5 22. Nxe5 Bc8 23. f4 Ne3 24. Rd4 Nc2 25. Rxd8 Rxd8 26. Rc1 Ne3 27. Nf3
Rd1+ 28. Rxd1 Nxd1 29. Ne5 Nxb2 30. Bf3 Na4 31. c4 Nc3 32. a3 Na4 33. Kf2 Kf6
34. Ke3 Nc5 35. Kd4 b6 36. Bc6 Ke7 37. h4 Bb7 38. Bxb7 Nxb7 39. Nd3 Kd6 40. Nb4
Nc5 41. Ke3 a5 42. Nc2 Nb3 43. Kd3 e5 44. Ne3 Nc5+ 45. Ke2 exf4 46. gxf4 Ne6
47. Ng2 Kc5 48. Kd3 b5 49. cxb5 Kxb5 50. Kc3 Ka4 51. Kb2 Nc7 52. Ne3 Nb5 53.
Nc4 Nd4 54. Ne3 h5 55. Nd5 Nf3 56. Nc3# 1-0

[Event "13. Lovsprings EMT Basis 1 2002"]
[Site "Ringsted"]
[Date "2002.03.08"]
[Round "1"]
[White "Hansen, Morten Lyck"]
[Black "Sorensen, Lindved"]
[Result "1-0"]
[WhiteElo "1829"]
[BlackElo "1624"]
[PlyCount "49"]
[EventDate "2002.??.??"]

1. e4 d5 2. exd5 Nf6 3. d4 e6 4. Nf3 Nxd5 5. c4 Nf6 6. Bd3 Bb4+ 7. Bd2 Nc6 8.
Bxb4 Nxb4 9. O-O O-O 10. Nc3 c5 11. Bb1 Qe7 12. a3 cxd4 13. Qxd4 Nc6 14. Qh4
Rd8 15. b4 Qd6 16. c5 Qb8 17. b5 Ne5 18. Bxh7+ Kf8 19. Bc2 Nxf3+ 20. gxf3 Qe5
21. Ne4 Bd7 22. Nxf6 gxf6 23. Qb4 Kg7 24. Kh1 Qh5 25. Rg1+ 1-0

[Event "13. Lovsprings EMT Basis 1 2002"]
[Site "Ringsted"]
[Date "2002.03.08"]
[Round "1"]
[White "Jensen, Karsten"]
[Black "Eckert, Svend"]
[Result "1/2-1/2"]
[WhiteElo "1716"]
[BlackElo "1814"]
[PlyCount "95"]
[EventDate "2002.??.??"]

1. d4 Nf6 2. Nf3 d6 3. c4 g6 4. Nc3 Bg7 5. h3 O-O 6. e4 Nbd7 7. Be2 e5 8. dxe5
dxe5 9. Be3 b6 10. Qc2 Bb7 11. Rd1 Qe7 12. Nd5 Nxd5 13. cxd5 Rac8 14. O-O Rfd8
15. Bb5 Nb8 16. Nd2 c6 17. dxc6 Nxc6 18. Qa4 h6 19. Rc1 Nd4 20. Rxc8 Bxc8 21.
Rc1 Nxb5 22. Qxb5 Be6 23. a3 Kh7 24. Qa6 f5 25. exf5 Bxf5 26. Qb5 Bd3 27. Qb3
e4 28. Rc6 Rd6 29. Rc8 Rd8 30. Rxd8 Qxd8 31. Qf7 Qf6 32. Qxa7 Qxb2 33. g3 b5
34. Kg2 b4 35. axb4 Qxb4 36. Qf7 Qf8 37. Qxf8 Bxf8 38. Nb3 Be2 39. Nd2 Bd3 40.
Nb3 Bc2 41. Nd4 Bd1 42. f3 exf3+ 43. Nxf3 g5 44. g4 Ba4 45. Kf2 Bc6 46. Ne5 Bb5
47. Nf3 Bg7 48. Bd4 1/2-1/2

[Event "13. Lovsprings EMT Basis 1 2002"]
[Site "Ringsted"]
[Date "2002.03.08"]
[Round "1"]
[White "Madsen, Morten"]
[Black "Carlsen, Erik"]
[Result "0-1"]
[WhiteElo "1801"]
[BlackElo "1728"]
[PlyCount "48"]
[EventDate "2002.??.??"]

1. e4 c5 2. c3 d5 3. e5 Nc6 4. d4 e6 5. Nf3 Qb6 6. Be2 cxd4 7. cxd4 Nge7 8. g4
h5 9. gxh5 Nf5 10. Nc3 Ncxd4 11. Nxd4 Qxd4 12. Bb5+ Bd7 13. Bxd7+ Kxd7 14. Qe2
a6 15. Bd2 Qh4 16. h6 g6 17. O-O-O Bxh6 18. Bxh6 Qxh6+ 19. Kb1 Ke7 20. h4 Qf4
21. h5 Nd4 22. Qd3 Qf5 23. Ne4 Nc6 24. f3 Nxe5 0-1

[Event "13. Lovsprings EMT Basis 1 2002"]
[Site "Ringsted"]
[Date "2002.03.08"]
[Round "1"]
[White "Nielsen, Carl Otto"]
[Black "Rasmussen, Henning"]
[Result "1/2-1/2"]
[WhiteElo "1691"]
[BlackElo "1815"]
[PlyCount "45"]
[EventDate "2002.??.??"]

1. d4 f5 2. g3 Nf6 3. Bg2 e6 4. Nf3 Be7 5. c4 O-O 6. O-O d6 7. b3 Ne4 8. Bb2
Bf6 9. Na3 c6 10. Nc2 Qc7 11. Nce1 e5 12. Nd3 Re8 13. dxe5 dxe5 14. Qc2 c5 15.
Nd2 Nxd2 16. Qxd2 Qe7 17. e3 Nd7 18. Rad1 e4 19. Bxf6 Nxf6 20. Nf4 Bd7 21. Nd5
Nxd5 22. Qxd5+ Be6 23. Qd6 1/2-1/2

[Event "13. Lovsprings EMT Basis 1 2002"]
[Site "Ringsted"]
[Date "2002.03.08"]
[Round "1"]
[White "Pedersen, Kaj Vinding"]
[Black "Pondal, Jesper"]
[Result "0-1"]
[WhiteElo "1623"]
[BlackElo "1809"]
[PlyCount "76"]
[EventDate "2002.??.??"]

1. d4 d5 2. Nf3 Nf6 3. g3 e6 4. Bg2 c5 5. c3 Nc6 6. O-O Be7 7. Bg5 Qb6 8. Qb3
Na5 9. Qxb6 axb6 10. Nbd2 O-O 11. Ne5 h6 12. Bxf6 Bxf6 13. Ndf3 Be7 14. Nd2 Kh7
15. a3 f6 16. Nef3 Nc6 17. e4 Rd8 18. Rad1 Ra4 19. exd5 Rxd5 20. Ne1 Rd8 21.
Be4+ Kg8 22. Bc2 Ra8 23. Ndf3 cxd4 24. cxd4 g5 25. h3 Ra5 26. Bb3 Rb5 27. Rd3
Na5 28. Nd2 Nxb3 29. Rxb3 Rxb3 30. Nxb3 e5 31. Nc2 Bxh3 32. Re1 Bf5 33. Ne3 Be6
34. d5 Bxd5 35. Nxd5 Rxd5 36. Rc1 Bc5 37. Kg2 Kf7 38. Kf3 Rd3+ 0-1

[Event "13. Lovsprings EMT Basis 1 2002"]
[Site "Ringsted"]
[Date "2002.03.15"]
[Round "2"]
[White "Carlsen, Erik"]
[Black "Dickow, Flemming"]
[Result "1/2-1/2"]
[WhiteElo "1728"]
[BlackElo "1783"]
[PlyCount "68"]
[EventDate "2002.??.??"]

1. Nf3 Nf6 2. c4 g6 3. Nc3 Bg7 4. d4 O-O 5. g3 d6 6. Bg2 Nbd7 7. O-O e5 8. dxe5
dxe5 9. e4 c6 10. Qc2 Qe7 11. b3 a5 12. Rd1 Nc5 13. Ba3 Bg4 14. h3 Bxf3 15.
Bxf3 b6 16. Na4 Rab8 17. Rd3 Rfe8 18. Rad1 Bf8 19. Bxc5 bxc5 20. Qd2 Qc7 21. g4
h6 22. h4 Qc8 23. g5 hxg5 24. hxg5 Nh7 25. Rd7 Be7 26. Qxa5 Nxg5 27. Bg2 Ne6
28. Nb6 Rxb6 29. Qxb6 Nf8 30. Rc7 Qg4 31. f3 Qg3 32. Qxc6 Rd8 33. Rxd8 Qe1+ 34.
Kh2 Qh4+ 1/2-1/2

[Event "13. Lovsprings EMT Basis 1 2002"]
[Site "Ringsted"]
[Date "2002.03.15"]
[Round "2"]
[White "Eckert, Svend"]
[Black "Rasmussen, Henning"]
[Result "0-1"]
[WhiteElo "1814"]
[BlackElo "1815"]
[PlyCount "100"]
[EventDate "2002.??.??"]

1. f4 d5 2. Nf3 c5 3. e3 Nc6 4. b3 Bg4 5. Be2 e6 6. Bb2 Nf6 7. O-O g6 8. Ne5
Bxe2 9. Qxe2 Bg7 10. d3 Rc8 11. Nd2 O-O 12. Ndf3 Nd7 13. Rae1 Ndxe5 14. Nxe5
Qc7 15. d4 cxd4 16. exd4 Nxe5 17. fxe5 Qxc2 18. Rf2 Qxe2 19. Rfxe2 Rc7 20. g4
Rfc8 21. h4 Rc2 22. g5 Bf8 23. a3 Be7 24. Kg2 h6 25. Kf3 hxg5 26. hxg5 Bxg5 27.
Rxc2 Rxc2 28. Ba1 Rc1 29. Rxc1 Bxc1 30. a4 Kg7 31. Bc3 f5 32. exf6+ Kxf6 33.
Kg4 Ba3 34. b4 Bc1 35. b5 Ba3 36. Bd2 Bd6 37. Bg5+ Kf7 38. Be3 a6 39. bxa6 bxa6
40. Kg5 e5 41. dxe5 Bxe5 42. Bd2 Bb2 43. Kg4 Bf6 44. Kf3 Ke6 45. Kf4 g5+ 46.
Kg4 d4 47. Kf3 Kd5 48. Kg4 Ke4 49. Bc1 d3 50. Bd2 Bd4 0-1

[Event "13. Lovsprings EMT Basis 1 2002"]
[Site "Ringsted"]
[Date "2002.03.15"]
[Round "2"]
[White "Olsen, Morten Henrik"]
[Black "Madsen, Morten"]
[Result "0-1"]
[WhiteElo "1856"]
[BlackElo "1801"]
[PlyCount "28"]
[EventDate "2002.??.??"]

1. e4 g6 2. d4 d6 3. Nc3 Bg7 4. Be3 Nf6 5. Nf3 a6 6. Qd2 b5 7. a3 Bb7 8. e5
dxe5 9. Nxe5 Nc6 10. Nxc6 Bxc6 11. f3 O-O 12. Be2 e6 13. Rd1 Nd5 14. Bh6 Qh4+
0-1

[Event "13. Lovsprings EMT Basis 1 2002"]
[Site "Ringsted"]
[Date "2002.03.15"]
[Round "2"]
[White "Pondal, Jesper"]
[Black "Hansen, Morten Lyck"]
[Result "1-0"]
[WhiteElo "1809"]
[BlackElo "1829"]
[PlyCount "67"]
[EventDate "2002.??.??"]

1. d4 Nf6 2. Bg5 e6 3. Nf3 d5 4. Nbd2 c5 5. c3 Be7 6. e3 O-O 7. Bd3 cxd4 8.
exd4 Nc6 9. O-O a6 10. Re1 b5 11. a3 Bb7 12. Qc2 h6 13. Bh4 Rc8 14. Qd1 Nd7 15.
Bg3 Na5 16. Bb1 Re8 17. Qc2 Nf8 18. Ne5 Nc6 19. Ndf3 Nxe5 20. Nxe5 Bd6 21. f4
Bxe5 22. Rxe5 f5 23. Qe2 Qd7 24. Bd3 Bc6 25. Re1 a5 26. Re3 Rb8 27. Bf2 Qd6 28.
Qf3 Rec8 29. g4 fxg4 30. Qxg4 Bd7 31. Bh4 Kh8 32. Rg3 g5 33. Bxg5 e5 34. Bf6+
1-0

[Event "13. Lovsprings EMT Basis 1 2002"]
[Site "Ringsted"]
[Date "2002.03.15"]
[Round "2"]
[White "Sorensen, Lindved"]
[Black "Pedersen, Kaj Vinding"]
[Result "1/2-1/2"]
[WhiteElo "1624"]
[BlackElo "1623"]
[PlyCount "84"]
[EventDate "2002.??.??"]

1. Nf3 Nf6 2. g3 b6 3. Bg2 Bb7 4. O-O c5 5. c4 g6 6. a3 Bg7 7. Nc3 O-O 8. b4
Ne4 9. Bb2 Nxc3 10. Bxc3 Bxc3 11. dxc3 d6 12. Qc2 Nd7 13. Rfd1 Qc7 14. Rd2 Nf6
15. Nh4 Bxg2 16. Nxg2 Rfc8 17. b5 a5 18. Rad1 Qd7 19. Nf4 Qe8 20. a4 Qf8 21.
Nd5 Nxd5 22. cxd5 f5 23. Rd3 Qg7 24. Re3 Rf8 25. c4 f4 26. Re6 fxg3 27. hxg3
Rf6 28. Qe4 Rxe6 29. Qxe6+ Qf7 30. Qxf7+ Kxf7 31. g4 Rd8 32. Rd3 e6 33. Rf3+
Ke7 34. e4 e5 35. Rh3 Rh8 36. g5 Kf7 37. Rf3+ Ke7 38. Rf6 Rf8 39. Rxf8 Kxf8 40.
Kg2 Kg7 41. Kg3 Kf7 42. f4 Ke7 1/2-1/2

[Event "13. Lovsprings EMT Basis 1 2002"]
[Site "Ringsted"]
[Date "2002.03.22"]
[Round "3"]
[White "Dickow, Flemming"]
[Black "Pondal, Jesper"]
[Result "1/2-1/2"]
[WhiteElo "1783"]
[BlackElo "1809"]
[PlyCount "29"]
[EventDate "2002.??.??"]

1. e4 c5 2. Nc3 Nc6 3. Nge2 Nf6 4. d4 cxd4 5. Nxd4 e5 6. Ndb5 d6 7. Bg5 a6 8.
Na3 Be6 9. Bxf6 Qxf6 10. Nd5 Bxd5 11. Qxd5 Be7 12. c3 O-O 13. Be2 Rac8 14. O-O
Nd8 15. Nc2 1/2-1/2

[Event "13. Lovsprings EMT Basis 1 2002"]
[Site "Ringsted"]
[Date "2002.03.22"]
[Round "3"]
[White "Madsen, Morten"]
[Black "Jensen, Karsten"]
[Result "1-0"]
[WhiteElo "1801"]
[BlackElo "1716"]
[PlyCount "55"]
[EventDate "2002.??.??"]

1. e4 a6 2. d4 b5 3. c4 Bb7 4. f3 b4 5. Qb3 e6 6. Bd2 Nc6 7. Ne2 a5 8. Bf4 g5
9. Bg3 Bg7 10. Bf2 Nge7 11. h4 gxh4 12. Rxh4 Ng6 13. Rh1 h5 14. a4 h4 15. Nd2
Qe7 16. O-O-O O-O-O 17. Kb1 d6 18. d5 Nce5 19. Bd4 exd5 20. cxd5 Ba6 21. Nc1
Bxf1 22. Nxf1 Nf4 23. Ne3 Qg5 24. Qc2 h3 25. gxh3 Nxh3 26. Bb6 Rd7 27. Nf5 Nxf3
28. Bxa5 1-0

[Event "13. Lovsprings EMT Basis 1 2002"]
[Site "Ringsted"]
[Date "2002.03.22"]
[Round "3"]
[White "Nielsen, Carl Otto"]
[Black "Hansen, Morten Lyck"]
[Result "1-0"]
[WhiteElo "1691"]
[BlackElo "1829"]
[PlyCount "51"]
[EventDate "2002.??.??"]

1. d4 Nf6 2. c4 g6 3. g3 Bg7 4. Bg2 d5 5. cxd5 Nxd5 6. Nf3 O-O 7. O-O Nd7 8.
Qb3 N7b6 9. e4 Nf6 10. Nc3 c6 11. Qc2 Be6 12. b3 Qc8 13. Ba3 Re8 14. Rad1 Bh3
15. Rfe1 Bxg2 16. Kxg2 e6 17. e5 Nfd5 18. Ne4 Bf8 19. Bxf8 Rxf8 20. Qd2 Kg7 21.
h4 Qc7 22. h5 Qe7 23. Rh1 Rad8 24. hxg6 fxg6 25. Qh6+ Kg8 26. Nfg5 1-0

[Event "13. Lovsprings EMT Basis 1 2002"]
[Site "Ringsted"]
[Date "2002.03.22"]
[Round "3"]
[White "Olsen, Morten Henrik"]
[Black "Sorensen, Lindved"]
[Result "0-1"]
[WhiteElo "1856"]
[BlackElo "1624"]
[PlyCount "102"]
[EventDate "2002.??.??"]

1. e4 d5 2. exd5 Nf6 3. Nc3 Nxd5 4. Qf3 c6 5. Bc4 e6 6. Nge2 Bd6 7. d3 Nd7 8.
Ne4 Ne5 9. Nxd6+ Qxd6 10. Qg3 Nxc4 11. dxc4 Qxg3 12. hxg3 Nb4 13. Kd2 O-O 14.
Kc3 c5 15. a3 Nc6 16. Be3 b6 17. Rh5 g6 18. Rh6 f6 19. Rah1 Rf7 20. b4 cxb4+
21. axb4 Ne7 22. Ra1 Bb7 23. Rh2 Nf5 24. Bd2 e5 25. g4 Ng7 26. Ng3 Ne6 27. Ne2
Rc7 28. Kb3 Rd8 29. Be3 Ba8 30. c5 bxc5 31. Bxc5 Bd5+ 32. c4 Nxc5+ 33. bxc5
Rb8+ 34. Kc3 Rxc5 35. Rxa7 Rxc4+ 36. Kd2 Rb2+ 37. Kd3 Rb3+ 38. Kd2 Rb7 39. Ra8+
Kg7 40. Rd8 Bc6 41. Ke1 Rxg4 42. f3 Ra4 43. Nc3 Ra1+ 44. Kf2 f5 45. Rc8 Rb2+
46. Kg3 f4+ 47. Kh4 Bxf3 48. Kg5 Rxg2+ 49. Rxg2 h6+ 50. Kh4 Rh1+ 51. Rh2 Rxh2#
0-1

[Event "13. Lovsprings EMT Basis 1 2002"]
[Site "Ringsted"]
[Date "2002.03.22"]
[Round "3"]
[White "Pedersen, Kaj Vinding"]
[Black "Eckert, Svend"]
[Result "1/2-1/2"]
[WhiteElo "1623"]
[BlackElo "1814"]
[PlyCount "106"]
[EventDate "2002.??.??"]

1. d4 Nf6 2. Nf3 d6 3. g3 Nbd7 4. c4 c5 5. d5 g6 6. Nc3 Bg7 7. Bg2 O-O 8. O-O
Nb6 9. Nd2 Ng4 10. Qc2 Ne5 11. b3 e6 12. Bb2 Ng4 13. Rae1 a6 14. e4 exd5 15.
Nxd5 Bxb2 16. Qxb2 Nxd5 17. exd5 Ne5 18. Qc3 b5 19. f4 Ng4 20. Re2 b4 21. Qf3
Re8 22. Rfe1 Rxe2 23. Qxe2 Kf8 24. h3 Nf6 25. g4 a5 26. Ne4 Bb7 27. g5 Nxe4 28.
Bxe4 Qd7 29. Bg2 a4 30. Qb2 Kg8 31. Qf6 Qf5 32. Qxf5 gxf5 33. Re7 axb3 34. axb3
Bc8 35. Re3 Kf8 36. Bf3 Ra2 37. Be2 Bd7 38. Kf2 Ra3 39. Bd1 Ra2+ 40. Be2 Rd2
41. Rd3 Rc2 42. h4 f6 43. gxf6 Kf7 44. Re3 Kxf6 45. Ke1 Rc1+ 46. Bd1 Ra1 47.
Kd2 Ra8 48. Rg3 Re8 49. Bc2 h6 50. h5 Rh8 51. Rg6+ Ke7 52. Rg7+ Kd8 53. Rg6 Ke7
1/2-1/2

[Event "13. Lovsprings EMT Basis 1 2002"]
[Site "Ringsted"]
[Date "2002.03.22"]
[Round "3"]
[White "Rasmussen, Henning"]
[Black "Carlsen, Erik"]
[Result "1/2-1/2"]
[WhiteElo "1815"]
[BlackElo "1728"]
[PlyCount "47"]
[EventDate "2002.??.??"]

1. d4 Nf6 2. Nf3 e6 3. c4 d5 4. Bg5 Nbd7 5. Nc3 c6 6. e3 Qa5 7. Nd2 Bb4 8. Qc2
O-O 9. Bh4 Re8 10. Bd3 e5 11. dxe5 Rxe5 12. O-O Bxc3 13. bxc3 h6 14. Bg3 Re8
15. Nb3 Qb6 16. Rab1 dxc4 17. Bxc4 Ne5 18. Be2 Qc7 19. Nd4 b6 20. Nf3 Nxf3+ 21.
Bxf3 Qb7 22. Rbd1 Be6 23. Rd2 Rad8 24. Rfd1 1/2-1/2

[Event "13. Lovsprings EMT Basis 1 2002"]
[Site "Ringsted"]
[Date "2002.04.05"]
[Round "4"]
[White "Carlsen, Erik"]
[Black "Pondal, Jesper"]
[Result "1/2-1/2"]
[WhiteElo "1728"]
[BlackElo "1809"]
[PlyCount "27"]
[EventDate "2002.??.??"]

1. c4 e6 2. Nc3 d5 3. d4 Nf6 4. Bg5 Nbd7 5. Nf3 Be7 6. e3 O-O 7. Bd3 b6 8. O-O
Bb7 9. Qc2 h6 10. Bh4 c5 11. cxd5 Nxd5 12. Bxe7 Qxe7 13. Nxd5 exd5 14. Rac1
1/2-1/2

[Event "13. Lovsprings EMT Basis 1 2002"]
[Site "Ringsted"]
[Date "2002.04.05"]
[Round "4"]
[White "Eckert, Svend"]
[Black "Hansen, Morten Lyck"]
[Result "0-1"]
[WhiteElo "1814"]
[BlackElo "1829"]
[PlyCount "154"]
[EventDate "2002.??.??"]

1. f4 e5 2. e3 exf4 3. exf4 Nf6 4. Nf3 d5 5. d3 Bd6 6. Be2 O-O 7. O-O Bg4 8.
Nc3 c6 9. Ne5 Bxe2 10. Nxe2 Nbd7 11. d4 Ne4 12. c4 f6 13. Ng4 dxc4 14. Qc2 Re8
15. Qxc4+ Kh8 16. Nc3 Nb6 17. Qd3 Nxc3 18. bxc3 Qd7 19. Ne3 Nd5 20. Nxd5 cxd5
21. Bd2 Re4 22. c4 Rae8 23. c5 Bf8 24. Rf3 f5 25. Re3 Be7 26. Rxe4 fxe4 27. Qb3
Bf6 28. Be3 Rb8 29. Rc1 Rc8 30. Rb1 Rb8 31. Qb5 Qe6 32. c6 Bd8 33. cxb7 Bb6 34.
a4 Rxb7 35. Rb3 Re7 36. a5 Bc7 37. Rc3 h6 38. a6 Bb6 39. Rc1 Rc7 40. Rxc7 Bxc7
41. h3 Bb6 42. Qb4 Qf6 43. Qa4 Qh4 44. Qd1 Qf6 45. g3 Qc6 46. g4 Qc3 47. Kf2
Qc4 48. g5 Qc8 49. Qh5 Qf5 50. Qe8+ Kh7 51. Qh5 Bc7 52. g6+ Qxg6 53. Qxd5 Bb6
54. h4 h5 55. Qg5 Qe8 56. Qe5 Qg6 57. Qg5 Qe8 58. Qf5+ Kg8 59. Qd5+ Kh8 60. f5
Bd8 61. Kg3 Bc7+ 62. Kf2 Bd8 63. Bg5 e3+ 64. Ke2 Bxg5 65. hxg5 Qb8 66. g6 Qh2+
67. Kxe3 Qg3+ 68. Kd2 Qf2+ 69. Kd3 Qf1+ 70. Kc3 Qc1+ 71. Kb4 Qb2+ 72. Kc5 Qb6+
73. Kc4 Qxa6+ 74. Kc3 Qa3+ 75. Kd2 Qb2+ 76. Ke3 Qc1+ 77. Kf3 Qh1+ 0-1

[Event "13. Lovsprings EMT Basis 1 2002"]
[Site "Ringsted"]
[Date "2002.04.05"]
[Round "4"]
[White "Madsen, Morten"]
[Black "Nielsen, Carl Otto"]
[Result "1-0"]
[WhiteElo "1801"]
[BlackElo "1691"]
[PlyCount "75"]
[EventDate "2002.??.??"]

1. d4 Nf6 2. Bg5 g6 3. Bxf6 exf6 4. Nf3 Bg7 5. e3 O-O 6. h4 d6 7. h5 Bg4 8.
hxg6 fxg6 9. c3 Qc8 10. Bc4+ Be6 11. Qb3 Bxc4 12. Qxc4+ Rf7 13. Rxh7 Qd7 14.
Rh2 Nc6 15. Nbd2 b5 16. Qd3 Ne7 17. Nh4 f5 18. Nhf3 Bf6 19. O-O-O Rh7 20. Rdh1
Rxh2 21. Rxh2 Kg7 22. e4 Rh8 23. Rxh8 Kxh8 24. Qe3 Kg7 25. e5 dxe5 26. dxe5 Qd5
27. exf6+ Kxf6 28. Qd4+ Ke6 29. Ng5+ Kd7 30. Nb3 Qxd4 31. cxd4 Nd5 32. Kd2 Kd6
33. Nf7+ Ke6 34. Ne5 g5 35. Nc5+ Kf6 36. g3 a5 37. Nc6 a4 38. Na7 1-0

[Event "13. Lovsprings EMT Basis 1 2002"]
[Site "Ringsted"]
[Date "2002.04.05"]
[Round "4"]
[White "Olsen, Morten Henrik"]
[Black "Pedersen, Kaj Vinding"]
[Result "0-1"]
[WhiteElo "1856"]
[BlackElo "1623"]
[PlyCount "90"]
[EventDate "2002.??.??"]

1. e4 Nf6 2. e5 Nd5 3. c4 Nb6 4. c5 Nd5 5. Nc3 Nxc3 6. bxc3 d6 7. Bb5+ c6 8.
Bc4 d5 9. Bb3 Qa5 10. Ne2 Qxc5 11. a4 Qb6 12. Ba3 Bf5 13. d4 e6 14. Ng3 Bg6 15.
Bxf8 Rxf8 16. h4 h6 17. Bc2 Qb2 18. Bxg6 Qxc3+ 19. Kf1 fxg6 20. Ne2 Qe3 21. f3
g5 22. Qb1 Rxf3+ 23. gxf3 Qxf3+ 24. Kg1 Qe3+ 25. Kg2 Qxe2+ 26. Kg3 Qe3+ 27. Kg4
Qf4+ 28. Kh5 Qf3+ 29. Kg6 Qf7+ 30. Kh7 Nd7 31. Rf1 Nf8+ 32. Kh8 Ng6+ 33. Kh7
Nf4 34. hxg5 hxg5 35. Ra2 O-O-O 36. Rxf4 Qh5+ 37. Kxg7 Qh8+ 38. Kf7 Qe8+ 39.
Kf6 gxf4 40. a5 Rd7 41. Kg5 Qf8 42. Kg4 f3 43. Kg3 f2 44. Ra1 Rg7+ 45. Kh2 Qh8+
0-1

[Event "13. Lovsprings EMT Basis 1 2002"]
[Site "Ringsted"]
[Date "2002.04.05"]
[Round "4"]
[White "Rasmussen, Henning"]
[Black "Dickow, Flemming"]
[Result "1/2-1/2"]
[WhiteElo "1815"]
[BlackElo "1783"]
[PlyCount "30"]
[EventDate "2002.??.??"]

1. d4 d5 2. c4 c6 3. cxd5 cxd5 4. Nc3 Nf6 5. Nf3 e6 6. Bg5 Be7 7. e3 O-O 8. Bd3
Nc6 9. a3 Nd7 10. Bxe7 Qxe7 11. e4 dxe4 12. Nxe4 Rd8 13. O-O Nf6 14. Nc3 h6 15.
Bb5 Qd6 1/2-1/2

[Event "13. Lovsprings EMT Basis 1 2002"]
[Site "Ringsted"]
[Date "2002.04.05"]
[Round "4"]
[White "Sorensen, Lindved"]
[Black "Jensen, Karsten"]
[Result "0-1"]
[WhiteElo "1624"]
[BlackElo "1716"]
[PlyCount "68"]
[EventDate "2002.??.??"]

1. Nf3 c5 2. c4 g6 3. b3 Bg7 4. Nc3 Nf6 5. Bb2 Nc6 6. g3 e6 7. Ne4 d6 8. Bg2 e5
9. d3 Rb8 10. Nfd2 h5 11. h4 Ng4 12. Ng5 Nd4 13. Bd5 Be6 14. e3 Bxd5 15. cxd5
Nf5 16. Qf3 O-O 17. Nde4 b5 18. a3 Ne7 19. Nd2 e4 20. Ndxe4 Bxb2 21. Ra2 Be5
22. Nd2 Nf5 23. O-O Qb6 24. Kg2 Qb7 25. b4 cxb4 26. axb4 Bc3 27. Rb1 Bxd2 28.
Rxd2 Ne5 29. Qe4 Rfe8 30. Rc2 Ng4 31. Qf3 Nfxe3+ 32. fxe3 Nxe3+ 33. Kh2 Nxc2
34. Ne4 Re5 0-1

[Event "13. Lovsprings EMT Basis 1 2002"]
[Site "Ringsted"]
[Date "2002.04.14"]
[Round "5"]
[White "Eckert, Svend"]
[Black "Sorensen, Lindved"]
[Result "1-0"]
[WhiteElo "1814"]
[BlackElo "1624"]
[PlyCount "39"]
[EventDate "2002.??.??"]

1. c4 Nf6 2. d4 c5 3. d5 e6 4. Nc3 exd5 5. cxd5 d6 6. e4 g6 7. f4 Bg7 8. Nf3
O-O 9. Bd3 Re8 10. O-O c4 11. Bc2 Bd7 12. f5 Ng4 13. fxg6 hxg6 14. Bg5 Qb6+ 15.
Kh1 Nf2+ 16. Rxf2 Qxf2 17. Bd2 b5 18. a3 Na6 19. Qc1 Nc5 20. Be3 1-0

[Event "13. Lovsprings EMT Basis 1 2002"]
[Site "Ringsted"]
[Date "2002.04.14"]
[Round "5"]
[White "Hansen, Morten Lyck"]
[Black "Carlsen, Erik"]
[Result "1-0"]
[WhiteElo "1829"]
[BlackElo "1728"]
[PlyCount "57"]
[EventDate "2002.??.??"]

1. e4 c5 2. Nf3 d6 3. c3 Nf6 4. h3 Nxe4 5. Qa4+ Bd7 6. Qxe4 Bc6 7. Qe3 e6 8. d4
Nd7 9. Be2 Be7 10. O-O O-O 11. Nbd2 b6 12. Ne4 d5 13. Ng3 Nf6 14. Ne5 Bb7 15.
Bd3 Qc7 16. Qe2 Rad8 17. Bg5 Ne4 18. Bxe7 Nxg3 19. fxg3 Qxe7 20. Rf4 g5 21. Rf2
f6 22. Ng4 Rde8 23. Raf1 f5 24. Ne5 c4 25. Bc2 b5 26. Qh5 Qg7 27. Nf3 h6 28.
Ne5 Rc8 29. Qg6 1-0

[Event "13. Lovsprings EMT Basis 1 2002"]
[Site "Ringsted"]
[Date "2002.04.15"]
[Round "5"]
[White "Nielsen, Carl Otto"]
[Black "Dickow, Flemming"]
[Result "1/2-1/2"]
[WhiteElo "1691"]
[BlackElo "1783"]
[PlyCount "58"]
[EventDate "2002.??.??"]

1. d4 Nf6 2. c4 c5 3. e3 e6 4. Nc3 b6 5. Nf3 Bb7 6. Bd3 cxd4 7. exd4 d5 8. cxd5
Nxd5 9. O-O Be7 10. Re1 O-O 11. Qe2 Nd7 12. Ne5 Nxe5 13. dxe5 Nxc3 14. bxc3 Qd5
15. Qf1 Rac8 16. Bb2 Bc5 17. c4 Qd7 18. Rad1 Qe7 19. Bc1 Bc6 20. Be3 Bb4 21.
Bd2 Ba4 22. Bxb4 Qxb4 23. Rb1 Qd2 24. Qe2 Qxe2 25. Rxe2 Rfd8 26. Re3 Rd4 27. f3
Rcd8 28. Bf1 Bc2 29. Rb2 Bd3 1/2-1/2

[Event "13. Lovsprings EMT Basis 1 2002"]
[Site "Ringsted"]
[Date "2002.04.14"]
[Round "5"]
[White "Pedersen, Kaj Vinding"]
[Black "Rasmussen, Henning"]
[Result "1/2-1/2"]
[WhiteElo "1623"]
[BlackElo "1815"]
[PlyCount "120"]
[EventDate "2002.??.??"]

1. d4 Nf6 2. Nf3 g6 3. g3 Bg7 4. Bg2 d6 5. c3 O-O 6. O-O c6 7. Re1 Qc7 8. Nbd2
e5 9. e4 Re8 10. dxe5 dxe5 11. Qc2 Nbd7 12. b3 Nf8 13. Ba3 Be6 14. Rad1 Red8
15. Ng5 Ne8 16. Bxf8 Bxf8 17. Nxe6 fxe6 18. Bh3 Ng7 19. Nf3 Be7 20. Rxd8+ Rxd8
21. Rd1 Bf6 22. Rxd8+ Qxd8 23. Qd2 Qe7 24. a4 g5 25. g4 Ne8 26. Ne1 h6 27. Bf1
Nd6 28. f3 Nf7 29. Kg2 Nh8 30. Nd3 Ng6 31. Qe3 b6 32. c4 Qa3 33. Nf2 Nf4+ 34.
Kg1 Be7 35. Qc3 Ng6 36. Nd3 Bc5+ 37. Kh1 Bd4 38. Qc2 Qa1 39. Qc1 Qa2 40. Qd1 c5
41. Be2 Nf4 42. Nxf4 exf4 43. h3 e5 44. Kg2 Qb2 45. Kh1 Qc3 46. Bd3 Kf7 47. Kg2
Ke7 48. Kf1 Kd6 49. Ke2 Kc7 50. Qc2 Qa1 51. Qb1 Qa3 52. Qc2 Qb4 53. Qd1 Kb7 54.
Bc2 Ka6 55. Qd2 Qa3 56. Qd1 Qb2 57. Kf1 Kb7 58. Ke2 Kc7 59. Kf1 a6 60. Ke2 Kc6
1/2-1/2

[Event "13. Lovsprings EMT Basis 1 2002"]
[Site "Ringsted"]
[Date "2002.04.14"]
[Round "5"]
[White "Pondal, Jesper"]
[Black "Madsen, Morten"]
[Result "1/2-1/2"]
[WhiteElo "1809"]
[BlackElo "1801"]
[PlyCount "89"]
[EventDate "2002.??.??"]

1. d4 b6 2. c4 Bb7 3. Nc3 Nf6 4. e3 d5 5. Nf3 Nbd7 6. cxd5 Nxd5 7. Bd3 Nxc3 8.
bxc3 e6 9. O-O a6 10. Re1 Be7 11. e4 h6 12. a4 Nf6 13. Bc2 a5 14. Qd3 Qd7 15.
Ne5 Qc8 16. Qg3 g6 17. Qf3 Rh7 18. Bd2 Nd7 19. Nd3 Qd8 20. Bb3 Bg5 21. Bf4 Bxf4
22. Qxf4 g5 23. Qg3 h5 24. d5 Nf8 25. Rad1 Qe7 26. dxe6 Nxe6 27. f4 O-O-O 28.
Bxe6+ fxe6 29. Qxg5 Qa3 30. Qg6 Re7 31. Qf6 Ree8 32. Ne5 Rxd1 33. Rxd1 Qxa4 34.
Re1 Bxe4 35. Qf7 Bd5 36. c4 Bb7 37. Kf2 Qc2+ 38. Re2 Qa4 39. Qxh5 Rg8 40. g4
Qa1 41. Qf7 Qd4+ 42. Re3 Rh8 43. h4 Kb8 44. h5 Qd2+ 45. Re2 1/2-1/2

[Event "13. Lovsprings EMT Basis 1 2002"]
[Site "Ringsted"]
[Date "2002.04.19"]
[Round "6"]
[White "Carlsen, Erik"]
[Black "Pedersen, Kaj Vinding"]
[Result "1-0"]
[WhiteElo "1728"]
[BlackElo "1623"]
[PlyCount "81"]
[EventDate "2002.??.??"]

1. Nf3 Nf6 2. c4 g6 3. Nc3 Bg7 4. g3 O-O 5. Bg2 c6 6. d4 d6 7. O-O Qc7 8. b3
Bg4 9. Bb2 Nbd7 10. Re1 Rad8 11. h3 Bxf3 12. Bxf3 e5 13. e3 Rfe8 14. d5 e4 15.
Bg2 Nc5 16. Bf1 a5 17. Rb1 Nfd7 18. f4 exf3 19. Qxf3 Ne5 20. Qd1 Qe7 21. a3 Na6
22. Kg2 h5 23. Ne2 h4 24. g4 Bh6 25. Nf4 Qf6 26. Bc1 Nc5 27. Be2 Ne4 28. Qc2
Ng3 29. Bd1 Re7 30. Qf2 g5 31. Nd3 Qg6 32. Nxe5 Qe4+ 33. Nf3 Qxb1 34. Bc2 Qa1
35. Bb2 Qxb2 36. Bh7+ Kxh7 37. Qxb2 Ne4 38. Qc2 Kg8 39. dxc6 bxc6 40. Nd4 Rde8
41. Nxc6 1-0